Sebamarketing v živote pomáha

Dobré rady, ako sa na trhu čo najlepšie ponúknuť a predať. Automarketing a sebapredaj. Jednoduché pravidlá trhu. Inšpirácie od predavača. Desať prikázaní pre predavača.

Gespeichert in:
Bibliographische Detailangaben
1. Verfasser: Burák, Emil
Format: Buchkapitel
Sprache:Slowakisch
Schlagworte:
Tags: Tag hinzufügen
Keine Tags, Fügen Sie das erste Tag hinzu!

MARC

LEADER 00000naa a2200000 4500
001 0150597
005 20231006124546.8
041 0 |a slo 
044 |a SK 
245 1 0 |a Sebamarketing v živote pomáha  |c Emil Burák 
520 |a Dobré rady, ako sa na trhu čo najlepšie ponúknuť a predať. Automarketing a sebapredaj. Jednoduché pravidlá trhu. Inšpirácie od predavača. Desať prikázaní pre predavača. 
610 2 0 |a marketing 
610 2 0 |a predaj 
610 2 0 |a komunikácia 
610 2 0 |a predajcovia 
610 2 0 |a zákazníci 
610 2 0 |a trh 
610 2 0 |a trh práce 
100 1 |a Burák, Emil